000 00538nam a2200181Ia 4500
008 100920s9999 xx 000 0 und d
082 _b14404
_a910 0
100 _aजोशी श्रीपाद.
245 _aचिनारच्या छायेत.
260 _b---
_c0
300 _a173
_bसाधी
365 _b0
520 _aभू.प्र.
630 _aचिनारच्या छायेत.
650 _aभू.प्र.
730 _aचिनारच्या छायेत.
942 _cBOOK
999 _c678459
_d678456